{"text_format":"3","workbook":"xls","n_sheets":1,"sheets":["报价单2"],"read":"whole","date_system":"1900","formulas":"cached_only"}

{"sheet":"报价单2","index":0,"n_rows":39,"n_cols":8,"rows_kept":39,"merged":[[1,0,1,7],[12,0,12,4],[13,0,13,7],[20,0,20,4],[21,0,21,7],[25,0,25,4],[26,0,26,7],[31,0,31,4],[32,0,32,7],[36,0,36,4],[37,0,37,1],[37,2,37,4],[38,0,38,7]],"flags":["formulas_cached_only"]}
["序号","项目名称","项目特征","单位","数量","综合单价","合计（元）","备注"]
["一、街角、街头公共区域公益广告"]
[1,"爱心街角立体字及爱心","爱：1.2m，心：1.1m，街：1m，角：0.95m，0.25m厚双面镀锌板烤漆立体字\n混凝土浇筑安装","㎡",4.25,{"v":1287.5,"d":"1287.50"},{"v":5471.875,"d":"5471.88"},"经开区卫生院墙外"]
[2,"爱心街角立体爱心","爱心（小）：1.6*1.8m；爱心（大）：2.3*2m，0.25米厚双面镀锌板烤漆立体爱心，\n混凝土浇筑安装","㎡",7.48,{"v":1287.5,"d":"1287.50"},{"v":9630.5,"d":"9630.50"},"经开区卫生院墙外"]
[3,"爱心街角组合长凳","2.3米长*0.4米宽，加厚型镀锌板烤漆长凳，混凝土浇面安装","组",2,{"v":1339,"d":"1339.00"},{"v":2678,"d":"2678.00"},"经开区卫生院墙外"]
[4,"草坪",null,"㎡",30,{"v":30.9,"d":"30.90"},{"v":927.0000000000001,"d":"927.00"},"经开区卫生院墙外"]
[5,"运动街角立体字","动：0.7m，动：1m；街：0.7m，角：0.6m，人物：1.1*1.3m，0.17米厚双面镀锌板烤漆立体字及图形","㎡",4.43,{"v":1390.5,"d":"1390.50"},{"v":6159.915,"d":"6159.92"},"锦绣世家西侧休闲广场内"]
[6,"运动街角墙面立体字","20mmPVC板雕塑UV画面面覆钢化膜1.5*1.5m","㎡",2.25,{"v":329.6,"d":"329.60"},{"v":741.6,"d":"741.60"},"锦绣世家西侧休闲广场内"]
[7,"烟头收集器","不锈钢材质","套",100,{"v":206,"d":"206.00"},{"v":20600,"d":"20600.00"},"全城区"]
[8,"新天地花箱（小）","1.6*0.35*0.4m，不锈钢材质\n含移植绿化树木","组",12,{"v":1009.4,"d":"1009.40"},{"v":12112.8,"d":"12112.80"},"新天地"]
[9,"新天地花箱（中）","1.15*1.15*1.15m，不锈钢材质","组",5,{"v":1648,"d":"1648.00"},{"v":8240,"d":"8240.00"},"新天地"]
[10,"新天地花箱（大）","1.6*1*1.6m，不锈钢材质","组",4,{"v":1957,"d":"1957.00"},{"v":7828,"d":"7828.00"},"新天地"]
["小计",{"$nulls":5},74389.69]
["二、交安巷巷道公益广告"]
[1,"交安巷立体导视小品","3.5米高立体导视小品，镀锌板烤漆+立体造型+立体字，混凝土直埋安装","项",1,{"v":10300,"d":"10300.00"},{"v":10300,"d":"10300.00"},"新妇幼保健站与文峰小学之间巷道"]
[2,"交安巷立体玻璃钢动物","1.1米高背书包奶牛造型玻璃钢动物，水泥底座安装","组",1,{"v":2369,"d":"2369.00"},{"v":2369,"d":"2369.00"}]
[3,"交安巷墙体手绘",null,"㎡",290.7,118.45,{"v":34433.415,"d":"34433.42"}]
[4,"交安巷立体字标识","标志：0.41m，交安巷：1.5m，英文：1.4m，印章：0.18m","m",3.49,{"v":360.5,"d":"360.50"},{"v":1258.145,"d":"1258.15"}]
[5,"交安巷立体爱心标牌","1.2*1.15m，立体爱心标牌，内扣10mmPVC板UV画面，15cm厚，双面双色喷漆","组",13,{"v":618,"d":"618.00"},{"v":8034,"d":"8034.00"}]
[6,"交安巷立体爱心标牌","1*1.05m，立体爱心标牌，内扣10mmPVC板UV画面，15cm厚，双面双色喷漆","组",10,{"v":597.4,"d":"597.40"},{"v":5974,"d":"5974.00"}]
["小计",{"$nulls":5},62368.56]
["三、节气巷巷道公益广告"]
[1,"节气巷立体导视牌","1.1*4.4m，1.2mm厚镀锌板造型巷道标牌，立体造型+立体字\n混凝土底板+包箍固定+吊车安装","组",1,{"v":11330,"d":"11330.00"},{"v":11330,"d":"11330.00"},"淠河新村后面沿河路段，与儿街路尽头。"]
[2,"节气巷节气造型竖牌","2.35*0.56m\n1.5mm镀锌板烤漆、丝印、UV工艺雕刻不规则板块","块",28,{"v":442.9,"d":"442.90"},{"v":12401.2,"d":"12401.20"}]
[3,"节气巷栏杆造型横牌","0.4*1.4m\n1.0mm镀锌板烤漆、丝印、扎边标牌","块",25,{"v":412,"d":"412.00"},{"v":10300,"d":"10300.00"}]
["小计",{"$nulls":5},{"v":34031.2,"d":"34031.20"}]
["四、手绘电箱"]
[1,"手绘电箱（小）","使用汽车金属漆绘制，IP人物形象。","组",30,{"v":1339,"d":"1339.00"},{"v":40170,"d":"40170.00"},"位置：淠源路5个；迎驾大道小圆盘处8个；凯耀汇2个；南岳路2个；淠河路4个；玉带路5个；中兴路3个；文盛街1个"]
[2,"手绘电箱（大）","使用汽车金属漆绘制。","组",3,{"v":3090,"d":"3090.00"},{"v":9270,"d":"9270.00"},"位置：霍山大道1个；南岳花都1个；潜台路1个；惠民路1个。"]
[3,"迎宾大道破旧房屋手绘","房屋披腻子+底层处理+水性涂料手绘\n（3.65*2面+4.55m）*3.25m","㎡",38.5,{"v":154.5,"d":"154.50"},5948.25,"迎宾大道御景苑路段"]
[4,"好人主题路更换场地及所有标牌加高","10组扇形标牌加高30公分并更换位置及画面\n1组榜样力量小品更换位置，混凝土浇筑及吊车安装","项",1,{"v":5150,"d":"5150.00"},{"v":5150,"d":"5150.00"},"幽芳路大地花园段移至人社局段"]
["小计",{"$nulls":5},60538.25]
["五、初心巷巷道公益广告"]
[1,"初心巷石雕字",null,"组",1,{"v":1545,"d":"1545.00"},{"v":1545,"d":"1545.00"},"人社局与泰晤士小镇之间路段"]
[2,"不忘初心牢记使命立体景观小品","8*2.5m\n1.2mm镀锌板立体造型，烤漆\n混凝土浇筑安装","项",1,{"v":22145,"d":"22145.00"},{"v":22145,"d":"22145.00"}]
[3,"立体景观牌","1.5*1.8m\n1.2mm镀锌板烤漆多层立体标牌\n混凝土浇筑安装","块",5,{"v":4120,"d":"4120.00"},{"v":20600,"d":"20600.00"}]
["小计",{"$nulls":5},{"v":44290,"d":"44290.00"}]
["合计",{"$nulls":5},{"v":275617.7,"d":"275617.70"}]
["注：表中所列综合单价包含购置费、包装费、运输费、人工费、保险费、安装调试费、各种税费、资料费、售后服务费及完成项目应有的全部费用。"]